<?xml version="1.0" encoding="UTF-8"?>
<record
    xmlns:xsi="http://www.w3.org/2001/XMLSchema-instance"
    xsi:schemaLocation="http://www.loc.gov/MARC21/slim http://www.loc.gov/standards/marcxml/schema/MARC21slim.xsd"
    xmlns="http://www.loc.gov/MARC21/slim">

  <leader>00534nam a22001697a 4500</leader>
  <controlfield tag="003">0</controlfield>
  <controlfield tag="005">20160609165230.0</controlfield>
  <controlfield tag="008">091125t        xxu||||| |||| 00| 0 eng d</controlfield>
  <datafield tag="037" ind1=" " ind2=" ">
    <subfield code="b">Don</subfield>
  </datafield>
  <datafield tag="040" ind1=" " ind2=" ">
    <subfield code="a">BUAC</subfield>
    <subfield code="b">Fr.</subfield>
    <subfield code="c">BEPAC</subfield>
  </datafield>
  <datafield tag="100" ind1=" " ind2=" ">
    <subfield code="a">ADEOSSI, Giraude Filde F. </subfield>
    <subfield code="9">2375</subfield>
  </datafield>
  <datafield tag="245" ind1=" " ind2=" ">
    <subfield code="a">Contribution &#xE0; l'&#xE9;tude des oiseaux du lac Toho dans le D&#xE9;partement du Mono</subfield>
    <subfield code="c">ADEOSSI, Giraude Filde F. </subfield>
  </datafield>
  <datafield tag="260" ind1=" " ind2=" ">
    <subfield code="a">Abomey-Calavi</subfield>
    <subfield code="b">Ecole Polytechnique d'Abomey-Calavi</subfield>
    <subfield code="c">2008</subfield>
  </datafield>
  <datafield tag="300" ind1=" " ind2=" ">
    <subfield code="a">56p.</subfield>
  </datafield>
  <datafield tag="650" ind1=" " ind2=" ">
    <subfield code="a">GENIE ENVIRONNEMENT</subfield>
    <subfield code="9">2376</subfield>
  </datafield>
  <datafield tag="942" ind1=" " ind2=" ">
    <subfield code="c">THE</subfield>
  </datafield>
  <datafield tag="999" ind1=" " ind2=" ">
    <subfield code="c">46592</subfield>
    <subfield code="d">46592</subfield>
  </datafield>
  <datafield tag="952" ind1=" " ind2=" ">
    <subfield code="0">0</subfield>
    <subfield code="1">0</subfield>
    <subfield code="4">0</subfield>
    <subfield code="7">0</subfield>
    <subfield code="a">BEPAC</subfield>
    <subfield code="b">BEPAC</subfield>
    <subfield code="d">2009-11-25</subfield>
    <subfield code="e">Don</subfield>
    <subfield code="l">0</subfield>
    <subfield code="o">27.APE/ADE</subfield>
    <subfield code="p">M15325EPAC</subfield>
    <subfield code="r">2009-11-25 00:00:00</subfield>
    <subfield code="t">3</subfield>
    <subfield code="w">2009-11-25</subfield>
    <subfield code="y">THE</subfield>
  </datafield>
  <datafield tag="952" ind1=" " ind2=" ">
    <subfield code="0">0</subfield>
    <subfield code="1">0</subfield>
    <subfield code="4">0</subfield>
    <subfield code="7">0</subfield>
    <subfield code="a">BEPAC</subfield>
    <subfield code="b">BEPAC</subfield>
    <subfield code="d">2011-02-24</subfield>
    <subfield code="e">Don</subfield>
    <subfield code="l">0</subfield>
    <subfield code="o">27.APE/ADE</subfield>
    <subfield code="p">M16907EPAC</subfield>
    <subfield code="r">2011-02-24 00:00:00</subfield>
    <subfield code="t">2</subfield>
    <subfield code="w">2011-02-24</subfield>
    <subfield code="y">THE</subfield>
  </datafield>
  <datafield tag="952" ind1=" " ind2=" ">
    <subfield code="0">0</subfield>
    <subfield code="1">0</subfield>
    <subfield code="4">0</subfield>
    <subfield code="7">0</subfield>
    <subfield code="a">BEPAC</subfield>
    <subfield code="b">BEPAC</subfield>
    <subfield code="d">2011-02-24</subfield>
    <subfield code="e">Don</subfield>
    <subfield code="l">0</subfield>
    <subfield code="o">27.APE/ADE</subfield>
    <subfield code="p">M16908EPAC</subfield>
    <subfield code="r">2011-02-24 00:00:00</subfield>
    <subfield code="t">1</subfield>
    <subfield code="w">2011-02-24</subfield>
    <subfield code="y">THE</subfield>
  </datafield>
</record>
